000 00440 a2200157 4500
005 20250403085755.0
020 _a978-81-224-2664-9
082 _a519.23 MED
100 _aMEDHI, J.
245 _aStochastic Processes
250 _a3rd Ed.
260 _aNew Delhi,
_bNew Age International (P) Limited,
_c2009.
300 _axix,503p.:
_bIndex
_c25cm
856 _yAccess online book
_fMathematics
_dwww.newagepublishers.com
942 _2ddc
_cBKS
999 _c1050
_d1050